| 000 | 01102nam a22003137a 4500 | ||
|---|---|---|---|
| 999 |
_c200440526 _d58738 |
||
| 003 | TR-AnTOB | ||
| 005 | 20230915101449.0 | ||
| 007 | ta | ||
| 008 | 210427s2020 tu a|||| |||| 00| 0 tur d | ||
| 020 |
_a9786056912375 _qVolume I |
||
| 020 |
_a9786056912368 _qVolume II |
||
| 040 |
_aTR-AnTOB _beng _erda _cTR-AnTOB |
||
| 041 | _atur | ||
| 050 |
_aNA1371.A39 _bA25 1920 |
||
| 090 |
_aNA1371.A39 _bA25 1920 |
||
| 100 | 1 |
_9130057 _aAbi, Mahmut Ülküer _eauthor |
|
| 245 | 1 | 0 | _aAfyonkarahisar / Mahmut Ülküer Abi. |
| 264 | 1 |
_aAnkara : _bAfyonkarahisar Belediyesi, _c2020 |
|
| 300 |
_a2 volumes : _billustrations ; _c30 cm |
||
| 336 |
_atext _btxt _2rdacontent |
||
| 337 |
_aunmediated _bn _2rdamedia |
||
| 338 |
_avolume _bnc _2rdacarrier |
||
| 490 | 0 |
_aAfyonkarahisar Belediyesi Kültür Yayınları No ; _v67 _aAfyonkarahisar Belediyesi Kültür Yayınları No ; _x68 |
|
| 505 |
_av.1. _tGeçmişin izinde Afyonkarahisar : kaybolan yapılar |
||
| 505 |
_av.2. _tDetaylarda Afyonkarahisar |
||
| 650 | 0 |
_aMimari _zTürkiye _zAfyonkarahisar _xTarih _9104132 |
|
| 942 |
_2lcc _cBK |
||